Sports injury management. Student workbook (Record no. 25967)

MARC details
000 -LEADER
fixed length control field 00472nam a22001817a 4500
005 - DATE AND TIME OF LATEST TRANSACTION
control field 20230713125659.0
008 - FIXED-LENGTH DATA ELEMENTS--GENERAL INFORMATION
fixed length control field 230713b |||||||| |||| 00| 0 eng d
020 ## - INTERNATIONAL STANDARD BOOK NUMBER
ISBN 0683001760
082 ## - DEWEY DECIMAL CLASSIFICATION NUMBER
Classification number 617.1027
Item number MAR-S
100 ## - MAIN ENTRY--AUTHOR
Author Name Martin, Malissa
245 ## - TITLE STATEMENT
Title Sports injury management. Student workbook
260 ## - PUBLICATION, DISTRIBUTION, ETC.
Place of Publication USA
Name of publisher, distributor, etc. Williams & Wilkins
Date of publication, distribution, etc. 1995
300 ## - PHYSICAL DESCRIPTION
Pages 214
500 ## - GENERAL NOTE
General note Student's Key given
650 ## - SUBJECT ADDED ENTRY--TOPICAL TERM
Subject / Department Physiotherapy
700 ## - ADDED ENTRY--PERSONAL NAME
Personal name Martin, Malissa
952 ## - LOCATION AND ITEM INFORMATION (KOHA)
-- 0
-- 0
Holdings
Lost status Damaged status Permanent Location Current Location Shelving Location Date acquired Full Call Number Accession No./Barcode Date last seen item type
    Superior Information Resource Center (SIRC) Superior University- Central Library Superior Information Resource Center (SIRC) Superior University- Central Library Physiotherapy 07/13/2023 617.1027 MAR-S 1995 20075 07/13/2023 BOOK

Powered by Koha